| 000 | 00937nam a2200229 a 4500 | ||
|---|---|---|---|
| 001 | BRCA_7020 | ||
| 005 | 20190321142932.0 | ||
| 008 | 251111s19071919u--#######---#000-0#spa-# | ||
| 041 | _aspa | ||
| 044 | _au | ||
| 050 | 4 | _b.N84 1907 | |
| 245 | 1 | 0 |
_aNueva Biblioteca de la Risa _bColección completa de cuentos, chistes, anécdotas, hechos sorprendentes y maravillosos ... Obra capaz de hacer reir á una estatua de piedra ... Estracto de la crónica diaria y de las obras célebres de historia y de literatura antiguas y modernas. |
| 260 |
_aNueva York _bD. Appleton _c1907-1919 |
||
| 300 |
_a2 v. _c19 cm. |
||
| 500 | _a2 ejemplares con el mismo número de inventario | ||
| 500 | _aEstado físico: ejem.1. Con pasta dura.-- ejem.2. con pasta rustica mutilada y desprendida. | ||
| 500 | _aO29 | ||
| 505 | 0 | _aContenido: ejem.1. 1907.-- ejem.2. 1919 | |
| 650 | 1 | 4 |
_aIngenio y humor español _917464 |
| 902 | _aGFM | ||
| 942 |
_2lcc _cB |
||
| 999 |
_c6701 _d6701 |
||